|
|
|
|
| LEADER |
01006cam a2200253 a 4500 |
| 001 |
c000262153 |
| 003 |
CARM |
| 005 |
20070612095039.0 |
| 008 |
900705q19301969nyua 000 0 eng d |
| 019 |
1 |
|
|a 7228821
|z 2531286
|5 LACONCORD2021
|
| 035 |
|
|
|a (OCoLC)220104296
|5 LACONCORD2021
|
| 040 |
|
|
|a VU
|b eng
|c VU
|
| 082 |
0 |
4 |
|a 621.38223/015118
|2 20
|
| 100 |
1 |
|
|a Lathi, B. P.
|q (Bhagwandas Pannalal)
|
| 245 |
1 |
0 |
|a Communication systems :
|b solutions manual /
|c B.P. Lathi.
|
| 260 |
|
|
|a New York :
|b John Wiley & Sons,
|c [19--].
|
| 300 |
|
|
|a 106 p. :
|b ill. ;
|c 28 cm.
|
| 500 |
|
|
|a Cover title.
|
| 500 |
|
|
|a "GB 471 51833." -- verso cover.
|
| 650 |
|
0 |
|a Telecommunication systems
|x Mathematical models.
|
| 700 |
1 |
|
|a Lathi, B. P.
|q (Bhagwandas Pannalal).
|t Communication systems.
|
| 852 |
8 |
|
|b CARM
|h A1:AP31F0
|i F02164
|p 0375403
|f BK
|
| 999 |
f |
f |
|i c28ab4d6-d076-5436-a7af-1af319982385
|s 74043fd8-9aa5-5119-8c34-257e0cd8f7ef
|
| 952 |
f |
f |
|p Can circulate
|a CAVAL
|b CAVAL
|c CAVAL
|d CARM 1 Store
|e F02164
|f A1:AP31F0
|h Other scheme
|i book
|m 0375403
|